| 000 | 00451nam a2200157Ia 4500 | ||
|---|---|---|---|
| 008 | 240729s9999 xx 000 0 und d | ||
| 022 | _a2453-6881 | ||
| 245 | 0 | _aMathematics in Education, Research and Applications | |
| 260 | _aSlovakia | ||
| 260 | _bSlovak University of Agriculture in Nitra | ||
| 650 | _a Mathematics | ||
| 650 | _aScience | ||
| 856 | _uhttps://doaj.org/toc/5e067541fed64b3a842f479c4dd663bc | ||
| 942 | _2ddc | ||
| 942 | _cDOAJEJ | ||
| 999 |
_c66135 _d66135 |
||
| 945 |
_a1 _bMadushi Gamage _c1 _dMadushi Gamage |
||